Maximos goleadores en mundiales - Estadísticas

Estadísticas generales
  • Esta prueba ha sido intentada 88 veces
  • La puntuación promedio es 7 de 15
Estadísticas de respuestas
Goles jugador % Correcto
13 Messi
98%
16 Miroslav Klose
91%
12 Kylian Mbappe
83%
14 Gerd Muller
77%
12 Pele
75%
10 Thomas Muller
75%
15 Ronaldo nazario
72%
10 Gabriel Batistuta
33%
13 Just Fontaine
28%
11 Jurgen Klinsmann
17%
10 Gary Lineker
14%
10 Grzegorz Lato
11%
11 Sandor Kocsis
10%
10 Teofilo Cubillas
9%
10 Helmut Rahn
5%
No se encontraron pruebas coincidentes
Distribución de puntuación
Porcentaje de gente con cada puntuación
Porcentaje por número respondido
Historial de tus puntuaciones
No has intentado esta prueba.